00780nam a22001577a 450000500170000002000180001710000260003524501880006126000320024930000100028165000310029165000260032294200120034899900190036095202430037920260113105619.0 a9783031593017 aMeissner, Udo F97792 aTensor calculus with object oriented matrices for numerical methods in mechanics and engineering:bfundamentals and functions for tensor/matrix algorithms of the finite element method aSwitzerlandbSpringerc2025 ax+234 aNumerical Algorithms97793 aSoftware design97794 2ddccBK c755002d755002 00102ddc40708GIFaMATbMATcGENd2026-01-08eDonated by Dr. Krishna Kumar G on the completion of SERB sponsored project (UO. No: Ad.F1/1373/2021 dated 22/01/2024)g7921.07l0o515.63 MEI-TpMATG241r2026-01-13 05:27:26w2026-01-13yBK